000 00405nam a2200169Ia 4500
008 230524s9999 xx 000 0 und d
020 _a0074636235
082 _a621.371
_bGOT
100 _aIrving M.Gottlieb
245 0 _aElectronics Power Control
250 _a4th
260 _aNEW DELHI
_bTMS
_c2004
300 _aXIII;265
500 _aQuantity Number: 2
650 _aElectronics
942 _cBK
999 _c10242
_d10242